=LDR 00000nam 2200000 4500 =001 INLIS000000000005020 =005 20230120070639 =035 ##$$a 0010-061300000005020 =008 230120###########################0###### =041 ##$$a Ind =082 ##$$a 435 =090 ##$$a 435, Sug b =100 ##$$a SUGIANTO, T =245 1#$$a Belajar sendiri bahasa Jerman /$c T. Soegiatno =260 ##$$a Solo :$b Aneka,$c 1995 =300 ##$$a 108 hlm. ; $c 21 cm =650 #4$$a Bahasa Jerman =850 ##$$a NBPNMAT =084 ##$$a 435 SUG b =990 ##$$a 89.829/Pro.95 =990 ##$$a 00051541